000 00271nam a22001097a 4500
082 _a621.3 HIN'G
100 _aHINDE, D. W,SMITH, K. M
_979303
245 _aGRADED PROBLEMS FOR ELECTRICAL ENGINEERS
260 _aLONDON
_bTEMPLE
_c1965
300 _a275P
942 _cBK
_2ddc
999 _c584352
_d584352